[Event "Fouesnant op 15th"]
[Site "Fouesnant"]
[Date "2009.10.31"]
[Round "9"]
[White "Burel, Gwenaelle"]
[Black "Hutois, Christophe"]
[Result "1-0"]
[WhiteElo "1670"]
[BlackElo "1518"]
[PlyCount "71"]
[EventDate "2009.10.26"]
[EventType "swiss"]
[EventRounds "9"]
[EventCountry "FRA"]
[SourceTitle "EXT 2010"]
[Source "ChessBase"]
[SourceDate "2010.11.25"]
[SourceVersion "1"]
[SourceVersionDate "2010.11.25"]
[SourceQuality "1"]

1. e4 e5 2. Nf3 Nc6 3. Bb5 a6 4. Ba4 Nf6 5. 0-0 b5 6. Bb3 Be7 7. Re1 0-0 8. c3 h6 9. d4 exd4 10. cxd4 d5 11. e5 Ne4 12. Qc2 Na5 13. Bxd5 Qxd5 14. Qxe4 Qxe4 15. Rxe4 Bb7 16. Re2 Rad8 17. Be3 f5 18. Rc2 c5 19. Bd2 Nc4 20. dxc5 Bxc5 21. b3 Be4 22. Rc1 Nxd2 23. Nbxd2 Ba3 24. Rc7 Bb2 25. Re1 Ba8 26. e6 Rfe8 27. e7 Rd5 28. Ra7 Bc6 29. Rxa6 Rc5 30. Nf1 Kf7 31. Ra7 Bf6 32. Ng3 Bxf3 33. gxf3 Bxe7 34. Rd1 f4 35. Ne4 Re5 36. Nd6+ 1-0

[Event "Fouesnant op 15th"]
[Site "Fouesnant"]
[Date "2009.10.25"]
[Round "3"]
[White "Burel, Gwenaelle"]
[Black "Algaba, Pedro"]
[Result "0-1"]
[WhiteElo "1670"]
[BlackElo "1874"]
[PlyCount "66"]
[EventDate "2009.10.26"]
[EventType "swiss"]
[EventRounds "9"]
[EventCountry "FRA"]
[SourceTitle "EXT 2010"]
[Source "ChessBase"]
[SourceDate "2010.11.25"]
[SourceVersion "1"]
[SourceVersionDate "2010.11.25"]
[SourceQuality "1"]

1. e4 c5 2. Nf3 d6 3. d4 cxd4 4. Nxd4 Nf6 5. Nc3 a6 6. Be3 e5 7. Nb3 Be6 8. Be2 b5 9. a3 Nbd7 10. f3 Rc8 11. a4 b4 12. Na2 a5 13. c3 d5 14. cxb4 d4 15. Bd2 axb4 16. Bxb4 Qb6 17. Bb5 Bxb4+ 18. Nxb4 0-0 19. Nd3 Rc7 20. 0-0 Rfc8 21. Rf2 Ne8 22. Nbc1 f6 23. b4 Nd6 24. Bxd7 Bxd7 25. Qb3+ Kf8 26. a5 Qb5 27. Nc5 Ke7 28. N1d3 Rxc5 29. Nxc5 Rxc5 30. a6 Bc6 31. a7 Rc4 32. a8Q Bxa8 33. Rxa8 Rc1+ 0-1

[Event "Fouesnant op 13th"]
[Site "Fouesnant"]
[Date "2007.11.01"]
[Round "7"]
[White "Delaire, Eric"]
[Black "Burel, Gwenaelle"]
[Result "0-1"]
[WhiteElo "1874"]
[BlackElo "1632"]
[PlyCount "55"]
[EventDate "2007.10.27"]
[EventType "swiss"]
[EventRounds "9"]
[EventCountry "FRA"]
[SourceTitle "EXT 2008"]
[Source "ChessBase"]
[SourceDate "2007.11.25"]
[SourceVersion "1"]
[SourceVersionDate "2007.11.25"]
[SourceQuality "1"]

1. e4 c5 2. Nf3 e6 3. d4 cxd4 4. Nxd4 a6 5. Nc3 Qc7 6. Qd3 Nf6 7. f4 d6 8. Be2 b5 9. 0-0 Bb7 10. a3 Be7 11. Kh1 Nbd7 12. b4 Rc8 13. Bd2 e5 14. Nf5 Bf8 15. Ne3 exf4 16. Ned5 Nxd5 17. exd5 g6 18. Bg4 Ne5 19. Rae1 f5 20. Bd1 Bg7 21. Rxf4 Bh6 22. Rxf5 Bxd2 23. Rexe5+ dxe5 24. d6 Qxc3 25. d7+ Ke7 26. dxc8N+ Rxc8 27. Rxe5+ Qxe5 28. Qxd2 0-1

[Event "FRA-ch U16 Girls"]
[Site "Le Grand Bornand"]
[Date "2007.04.??"]
[Round "8"]
[White "Buscara, Lena"]
[Black "Burel, Gwenaelle"]
[Result "1-0"]
[WhiteElo "1740"]
[BlackElo "1642"]
[PlyCount "63"]
[EventDate "2007.04.07"]
[EventType "swiss"]
[EventRounds "9"]
[EventCountry "FRA"]
[SourceTitle "CBM 118 Extra"]
[Source "ChessBase"]
[SourceDate "2007.07.04"]
[SourceVersion "1"]
[SourceVersionDate "2007.07.04"]
[SourceQuality "1"]

1. e4 c5 2. Nc3 e6 3. g3 Nc6 4. Bg2 g6 5. Nge2 Bg7 6. 0-0 Nge7 7. f4 d6 8. d3 0-0 9. h3 f5 10. Kh2 Rb8 11. g4 b5 12. Ng3 Nd4 13. g5 e5 14. h4 exf4 15. Bxf4 fxe4 16. dxe4 b4 17. Nd5 Nxd5 18. exd5 Ba6 19. Rf2 Be5 20. Qd2 Bxf4 21. Rxf4 Qd7 22. Ne4 Kh8 23. Nf6 Qg7 24. Re1 h6 25. Rfe4 hxg5 26. hxg5 Nf5 27. Bh3 Rxf6 28. gxf6 Qxf6 29. Bxf5 gxf5 30. Qf4 Qg6 31. Qh4+ Qh7 32. Re8+ 1-0

[Event "FRA-ch U16 Girls"]
[Site "Le Grand Bornand"]
[Date "2007.04.??"]
[Round "4"]
[White "Peyre, Camille"]
[Black "Burel, Gwenaelle"]
[Result "1-0"]
[WhiteElo "1785"]
[BlackElo "1642"]
[PlyCount "47"]
[EventDate "2007.04.07"]
[EventType "swiss"]
[EventRounds "9"]
[EventCountry "FRA"]
[SourceTitle "CBM 118 Extra"]
[Source "ChessBase"]
[SourceDate "2007.07.04"]
[SourceVersion "1"]
[SourceVersionDate "2007.07.04"]
[SourceQuality "1"]

1. d4 Nf6 2. Bg5 e6 3. e4 h6 4. Bxf6 Qxf6 5. Nc3 Bb4 6. Qd2 0-0 7. Nf3 d6 8. e5 dxe5 9. dxe5 Qd8 10. Bd3 Nc6 11. 0-0-0 Qe7 12. a3 Ba5 13. Be4 Rd8 14. Qe3 Bb6 15. Qe2 Nd4 16. Nxd4 Rxd4 17. Rd3 Rb8 18. Rhd1 Rxd3 19. Qxd3 Kf8 20. f4 a6 21. Bf3 g6 22. Ne4 Ba7 23. Nf6 b5 24. Qd8+ 1-0

[Event "FRA-chT3 Gr06 0607"]
[Site "France"]
[Date "2007.03.31"]
[Round "8.8"]
[White "Burel, Gwenaelle"]
[Black "Prigent, Jerome"]
[Result "1-0"]
[WhiteElo "1642"]
[BlackElo "1099"]
[PlyCount "47"]
[EventDate "2006.10.15"]
[EventType "team"]
[EventRounds "9"]
[EventCountry "FRA"]
[SourceTitle "EXT 2008"]
[Source "ChessBase"]
[SourceDate "2007.11.25"]
[SourceVersion "1"]
[SourceVersionDate "2007.11.25"]
[SourceQuality "1"]
[WhiteTeam "Douarnenez"]
[BlackTeam "Lesneven"]
[WhiteTeamCountry "FRA"]
[BlackTeamCountry "FRA"]

1. e4 e5 2. Nf3 Nc6 3. Bb5 Nd4 4. Nxd4 exd4 5. 0-0 Nf6 6. c3 c6 7. Ba4 Bd6 8. e5 Bc5 9. exf6 0-0 10. fxg7 Kxg7 11. Qg4+ Kh8 12. Bc2 Bd6 13. Qh5 f5 14. Bxf5 Rxf5 15. Qxf5 Qe7 16. d3 Qe5 17. Qxe5+ Bxe5 18. Re1 d6 19. Bh6 Bf5 20. cxd4 Bxd4 21. Nc3 Rg8 22. Ne4 d5 23. Nd6 Bxd3 24. Nf7# 1-0

[Event "Bretagne-ch U14/16 Girls"]
[Site "Ploermel"]
[Date "2007.02.13"]
[Round "1"]
[White "De Couesnongle, Pauline"]
[Black "Burel, Gwenaelle"]
[Result "0-1"]
[WhiteElo "1190"]
[BlackElo "1606"]
[PlyCount "50"]
[EventDate "2007.02.13"]
[EventType "tourn"]
[EventRounds "6"]
[EventCountry "FRA"]
[SourceTitle "EXT 2008"]
[Source "ChessBase"]
[SourceDate "2007.11.25"]
[SourceVersion "1"]
[SourceVersionDate "2007.11.25"]
[SourceQuality "1"]

1. e4 c5 2. Nf3 e6 3. Nc3 a6 4. d4 cxd4 5. Nxd4 Bb4 6. Bd2 Nc6 7. Nf3 Qc7 8. Ng5 Nf6 9. Qf3 h6 10. Qh3 d5 11. 0-0-0 d4 12. Ne2 Bxd2+ 13. Rxd2 e5 14. g4 Bxg4 15. Ne6 Bxe6 16. Qa3 Nxe4 17. Rd3 Rc8 18. Qa4 Nxf2 19. Nxd4 exd4 20. Rxd4 b5 21. Bxb5 axb5 22. Qxb5 Nxh1 23. Kb1 Qxh2 24. Qb7 Qg1+ 25. Rd1 Qxd1# 0-1

[Event "FRA-chT3 Gr06 0607"]
[Site "France"]
[Date "2006.12.10"]
[Round "4.8"]
[White "Burel, Gwenaelle"]
[Black "Caillot, Arnaud"]
[Result "0-1"]
[WhiteElo "1613"]
[BlackElo "1823"]
[PlyCount "78"]
[EventDate "2006.10.15"]
[EventType "team"]
[EventRounds "9"]
[EventCountry "FRA"]
[SourceTitle "EXT 2008"]
[Source "ChessBase"]
[SourceDate "2007.11.25"]
[SourceVersion "1"]
[SourceVersionDate "2007.11.25"]
[SourceQuality "1"]
[WhiteTeam "Douarnenez"]
[BlackTeam "Rennes Paul Bert II"]
[WhiteTeamCountry "FRA"]
[BlackTeamCountry "FRA"]

1. e4 e5 2. Nf3 Nc6 3. Bb5 a6 4. Bxc6 dxc6 5. h3 f6 6. 0-0 Bc5 7. c3 Ne7 8. d4 exd4 9. cxd4 Bb6 10. Be3 Be6 11. Nc3 Qd7 12. Rc1 0-0-0 13. Na4 Ba7 14. Nc5 Bxc5 15. Rxc5 g5 16. Nh2 Ng6 17. a4 h5 18. b4 g4 19. f4 f5 20. Qc2 Ne7 21. h4 fxe4 22. Qxe4 Nf5 23. Bf2 g3 24. Re5 gxf2+ 25. Rxf2 Ng7 26. f5 Bxf5 27. Rexf5 Nxf5 28. Qxf5 Qxf5 29. Rxf5 Rxd4 30. b5 cxb5 31. axb5 axb5 32. Rxb5 Rxh4 33. Nf3 Rg4 34. Rb2 Rf8 35. Ne5 Rgg8 36. Kh2 Rg5 37. Nf3 Rgf5 38. Nh4 Rf2 39. Rb5 Rh8 0-1

[Event "FRA-ch U14 Girls"]
[Site "Calvi"]
[Date "2005.04.22"]
[Round "7"]
[White "Cechetto, Lea"]
[Black "Burel, Gwenaelle"]
[Result "1/2-1/2"]
[WhiteElo "1760"]
[BlackElo "1420"]
[PlyCount "108"]
[EventDate "2005.04.??"]
[EventType "swiss"]
[EventRounds "9"]
[EventCountry "FRA"]
[SourceTitle "EXT 2006"]
[Source "ChessBase"]
[SourceDate "2005.11.24"]
[SourceVersion "1"]
[SourceVersionDate "2005.11.24"]
[SourceQuality "1"]

1. e4 e5 2. Nf3 Nc6 3. Bc4 Bc5 4. c3 Nf6 5. d3 a6 6. Bb3 d5 7. Nbd2 Bg4 8. h3 Bh5 9. 0-0 0-0 10. Re1 b5 11. Nf1 dxe4 12. dxe4 Qxd1 13. Bxd1 Bg6 14. Ng3 h6 15. Nh4 Bh7 16. Nhf5 a5 17. Bf3 b4 18. Nh5 Nxh5 19. Bxh5 Rad8 20. Bf3 Rd3 21. Be3 Bxe3 22. Nxe3 bxc3 23. bxc3 Rxc3 24. Rec1 Rxc1+ 25. Rxc1 Nb4 26. Rxc7 Nxa2 27. Ra7 Nc3 28. Rxa5 f6 29. Nf5 Rb8 30. Ra7 Bxf5 31. exf5 Rb1+ 32. Kh2 Rb5 33. Bh5 Kf8 34. Rf7+ Kg8 35. Rc7 g6 36. Rc8+ Kg7 37. Bxg6 Nd5 38. Kg3 Rb7 39. Rc4 Ne7 40. h4 Nxg6 41. Rg4 Rb3+ 42. Kh2 Kf7 43. Rxg6 h5 44. Rh6 Rb4 45. Rxh5 Rf4 46. f3 Kg7 47. Kg1 Rd4 48. g4 e4 49. fxe4 Rxe4 50. Kf2 Rxg4 51. Kf3 Ra4 52. Kg3 Rb4 53. Kh3 Ra4 54. Kg3 Rb4 1/2-1/2